000 00269nam a2200097Ia 4500
001 650193
005 20250826154354.0
008 250824s9999 xx 000 0 und d
245 0 _aEKMEĞİMİ KAZANIRKEN ANTİK YENİ
_cMAKSIM GORKI
260 _bANTİK DÜNYA KLASİKLERİ
999 _c650193
_d650193